| 000 | 01135nam a2200313 4500 | ||
|---|---|---|---|
| 003 | EG-GICUC | ||
| 005 | 20260304002539.0 | ||
| 008 | 260304s1995 ua ||||fr|||| 00| 0 ara d | ||
| 017 | _a1995/7134 | ||
| 020 | _a977-04-1421-2 | ||
| 040 |
_a EG-GICUC _bara _c EG-GICUC _d EG-GICUC _erda |
||
| 041 | 0 | _aara | |
| 082 | 0 | 4 |
_221 _a341.48 _bع ل . ح |
| 092 | 0 | 4 | _221 |
| 099 | _aLaw1 341.48 ع ل . ح 1 ed - 1995 | ||
| 100 | 0 |
_aعلي إبراهيم _eAuthor. |
|
| 245 | 1 | 2 |
_aالحقوق والواجبات الدولية في عالم متغير : _bالمبادئ الكبرى والنظام الدولي الجديد / _cعلي إبراهيم |
| 250 | _aالطبعة لاولى | ||
| 264 | 1 |
_aالقاهرة : _bدار النهضة العربية، _c1995. |
|
| 300 |
_a866 ؛ صفحة _c24 سم |
||
| 336 |
_2rda content _atext |
||
| 337 |
_2rda media _aComputer |
||
| 338 |
_2rda carrier _aOnline Resource |
||
| 546 | _aالنص باللغة العربية | ||
| 651 | 1 | _2القانون الدولي العام | |
| 856 | 4 | 0 | _uhttps://fll.law.cu.edu.eg/fulltext/bks/B11-07775.pdf |
| 905 | _a30 | ||
| 942 |
_2ddc _cBK _e21 _n0 |
||
| 999 |
_c64845 _d64845 |
||